[Event "Mike Shpan mem."]
[Site "Winnipeg CAN"]
[Date "2007.11.27"]
[Round "4"]
[White "Mundwiler, Les"]
[Black "Schulz, Waldemar"]
[Result "1-0"]
[WhiteElo "2003"]
[BlackElo "2032"]
[PlyCount "71"]
[GameId "2160767910574420"]
[EventDate "2007.11.06"]
[EventType "swiss"]
[EventRounds "6"]
[EventCountry "CAN"]
[SourceTitle "EXT 2022"]
[Source "ChessBase"]
[SourceDate "2021.10.06"]
[SourceVersion "1"]
[SourceVersionDate "2021.10.06"]
[SourceQuality "1"]

1. e4 c5 2. f4 d6 3. Bc4 Nc6 4. Nf3 e6 5. Nc3 a6 6. a4 Qc7 7. d4 cxd4 8. Nxd4 Nf6 9. Be3 Be7 10. Nxc6 Qxc6 11. Qd3 O-O 12. Bb3 b6 13. O-O Bb7 14. Rae1 Rac8 15. f5 d5 16. fxe6 fxe6 17. exd5 Nxd5 18. Nxd5 exd5 19. Bd4 Bc5 20. c3 Rxf1+ 21. Rxf1 Re8 22. Bc2 Qh6 23. Bxc5 bxc5 24. Qf5 Qg6 25. Qd7 Bc6 26. Bxg6 Bxd7 27. Bxe8 Bxe8 28. a5 Ba4 29. Rf2 Be8 30. Kf1 Bf7 31. Ke2 Kf8 32. b4 cxb4 33. cxb4 Ke7 34. Kd3 Bg6+ 35. Kd4 Kd6 36. Rf8 1-0

[Event "Mike Shpan mem."]
[Site "Winnipeg CAN"]
[Date "2007.11.27"]
[Round "4"]
[White "Rutter, Blair"]
[Black "Atem, James"]
[Result "0-1"]
[WhiteElo "1880"]
[BlackElo "1705"]
[PlyCount "66"]
[GameId "2160767910574421"]
[EventDate "2007.11.06"]
[EventType "swiss"]
[EventRounds "6"]
[EventCountry "CAN"]
[SourceTitle "EXT 2022"]
[Source "ChessBase"]
[SourceDate "2021.10.06"]
[SourceVersion "1"]
[SourceVersionDate "2021.10.06"]
[SourceQuality "1"]

1. c4 e5 2. g3 Nf6 3. Bg2 Na6 4. Nc3 c6 5. e3 Nc5 6. d4 exd4 7. exd4 Qe7+ 8. Nge2 Ne6 9. O-O Qb4 10. Qd3 Be7 11. b3 O-O 12. Bd2 Qb6 13. h3 g6 14. Be3 Qa6 15. f4 d5 16. Rf2 Nc7 17. g4 Be6 18. f5 dxc4 19. Qb1 Bd5 20. fxg6 fxg6 21. Nf4 Bxg2 22. Kxg2 Nfd5 23. Bd2 Bh4 24. Rf3 Rae8 25. Qf1 b5 26. bxc4 bxc4 27. Nfxd5 Nxd5 28. Bh6 Rxf3 29. Qxf3 Nxc3 30. Qxc3 Re2+ 31. Kf3 Rf2+ 32. Ke4 Qb5 33. Ke3 Qd5 0-1

[Event "Mike Shpan mem."]
[Site "Winnipeg CAN"]
[Date "2007.11.27"]
[Round "4"]
[White "Swift, Ryne"]
[Black "Oberton, Daniel"]
[Result "0-1"]
[WhiteElo "1216"]
[BlackElo "1978"]
[PlyCount "87"]
[GameId "2160767910574422"]
[EventDate "2007.11.06"]
[EventType "swiss"]
[EventRounds "6"]
[EventCountry "CAN"]
[SourceTitle "EXT 2022"]
[Source "ChessBase"]
[SourceDate "2021.10.06"]
[SourceVersion "1"]
[SourceVersionDate "2021.10.06"]
[SourceQuality "1"]

1. e4 e5 2. f4 exf4 3. Nf3 Nf6 4. e5 Nd5 5. c4 Nb6 6. d4 Bb4+ 7. Nc3 d6 8. exd6 Qxd6 9. a3 Bxc3+ 10. bxc3 Qe6+ 11. Be2 Nxc4 12. Qa4+ Bd7 13. Qxc4 c6 14. Qxe6+ Bxe6 15. Bxf4 Nd7 16. O-O O-O 17. Ng5 Rfe8 18. Nxe6 fxe6 19. Bc4 Nf8 20. Bd6 Ng6 21. Rae1 Rad8 22. Bc7 Ra8 23. Rxe6 Rxe6 24. Bxe6+ Kh8 25. Bc4 Rc8 26. Bg3 Rd8 27. Rf7 b5 28. Bd3 a5 29. Bxg6 hxg6 30. Be5 Rg8 31. Rc7 Kh7 32. Rxc6 Kh6 33. Rc7 g5 34. Rb7 b4 35. cxb4 axb4 36. axb4 Rc8 37. Bxg7+ Kg6 38. h3 Rc1+ 39. Kh2 Rc4 40. Be5 Kf5 41. b5 Ke6 42. Rg7 Rb4 43. b6 Kf5 44. b7 0-1

[Event "Mike Shpan mem."]
[Site "Winnipeg CAN"]
[Date "2007.11.27"]
[Round "4"]
[White "Wasserman, Arie"]
[Black "Campbell, Gary"]
[Result "1/2-1/2"]
[WhiteElo "1583"]
[BlackElo "1665"]
[PlyCount "58"]
[GameId "2160767910574423"]
[EventDate "2007.11.06"]
[EventType "swiss"]
[EventRounds "6"]
[EventCountry "CAN"]
[SourceTitle "EXT 2022"]
[Source "ChessBase"]
[SourceDate "2021.10.06"]
[SourceVersion "1"]
[SourceVersionDate "2021.10.06"]
[SourceQuality "1"]

1. e4 c5 2. Bc4 e6 3. Nf3 d5 4. exd5 exd5 5. Bb5+ Bd7 6. Qe2+ Be7 7. Ne5 Nf6 8. Bxd7+ Nbxd7 9. O-O O-O 10. Nxd7 Qxd7 11. d3 Rfe8 12. Qf3 Bd8 13. Bg5 Re5 14. Bd2 Bc7 15. Nc3 Rh5 16. g3 Ng4 17. Rfe1 Nf6 18. Re2 Rf5 19. Qg2 Re5 20. Rae1 Rae8 21. Rxe5 Rxe5 22. Rxe5 Bxe5 23. Bg5 Bxc3 24. bxc3 Qe6 25. Bxf6 gxf6 26. Kf1 Qe5 27. Qf3 Qxc3 28. Qg4+ Kf8 29. Qc8+ Kg7 1/2-1/2

[Event "Mike Shpan mem."]
[Site "Winnipeg CAN"]
[Date "2007.11.27"]
[Round "4"]
[White "Wasserman, Leor"]
[Black "Crawford, Gary"]
[Result "0-1"]
[WhiteElo "1493"]
[BlackElo "1285"]
[PlyCount "195"]
[GameId "2160767910574424"]
[EventDate "2007.11.06"]
[EventType "swiss"]
[EventRounds "6"]
[EventCountry "CAN"]
[SourceTitle "EXT 2022"]
[Source "ChessBase"]
[SourceDate "2021.10.06"]
[SourceVersion "1"]
[SourceVersionDate "2021.10.06"]
[SourceQuality "1"]

1. e4 c5 2. Nf3 d6 3. d4 cxd4 4. Nxd4 Nf6 5. Nc3 h6 6. Bd3 e6 7. O-O Nc6 8. Be3 Nxd4 9. Bxd4 e5 10. Be3 b5 11. Nd5 Nxd5 12. exd5 Be7 13. Qf3 Bg5 14. a3 O-O 15. Qh5 a6 16. Bxg5 Qxg5 17. Qxg5 hxg5 18. Rae1 Bb7 19. Be4 f5 20. Bf3 g4 21. Be2 Rac8 22. Rc1 Rc5 23. c4 Rfc8 24. b4 R5c7 25. Rfd1 bxc4 26. g3 c3 27. Bf1 c2 28. Rd2 Rc3 29. h3 gxh3 30. Bxh3 g6 31. a4 R8c7 32. Kg2 R3c4 33. f3 Bc8 34. Kf2 Bd7 35. Bf1 Rxb4 36. Rdxc2 Rxc2+ 37. Rxc2 Bxa4 38. Rc8+ Kg7 39. Bxa6 Bb3 40. Rc6 Bxd5 41. Rxd6 Rb2+ 42. Ke3 Rb3+ 43. Kf2 Rxf3+ 44. Ke2 Be4 45. Re6 Rxg3 46. Rxe5 Rh3 47. Bc4 Rh7 48. Ke3 Kh6 49. Re6 Rg7 50. Kf4 Kh5 51. Re8 g5+ 52. Ke5 Kg4 53. Be6 Kf3 54. Kf6 Rb7 55. Kxg5 Rb6 56. Bf7 Rb5 57. Bh5+ Kg3 58. Be2 Rc5 59. Kg6 Kf2 60. Ba6 Rc6+ 61. Kg5 Rxa6 62. Kf4 Rf6 63. Rb8 Rg6 64. Rb2+ Kg1 65. Ra2 Rg4+ 66. Ke3 Rg2 67. Ra1+ Kh2 68. Kf4 Rg1 69. Ra2+ Kh1 70. Ra7 Rf1+ 71. Ke3 Bg2 72. Rh7+ Kg1 73. Rf7 Rf3+ 74. Kd4 f4 75. Ke5 Re3+ 76. Kd4 Re4+ 77. Kd3 Ra4 78. Ke2 Ra2+ 79. Ke1 f3 80. Rxf3 Ra1+ 81. Ke2 Ra2+ 82. Ke1 Ra1+ 83. Ke2 Bxf3+ 84. Kxf3 Ra4 85. Kg3 Kf1 86. Kf3 Ke1 87. Ke3 Kd1 88. Kd3 Kc1 89. Kc3 Kb1 90. Kb3 Rd4 91. Kc3 Rd8 92. Kb3 Kc1 93. Kc3 Kd1 94. Kc4 Ke2 95. Kc5 Ke3 96. Kc4 Rd1 97. Kc5 Ke4 98. Kc6 0-1

[Event "Mike Shpan mem."]
[Site "Winnipeg CAN"]
[Date "2007.11.27"]
[Round "4"]
[White "Wierda, John"]
[Black "Letain, Cory"]
[Result "0-1"]
[WhiteElo "1713"]
[BlackElo "1343"]
[PlyCount "81"]
[GameId "2160767910574425"]
[EventDate "2007.11.06"]
[EventType "swiss"]
[EventRounds "6"]
[EventCountry "CAN"]
[SourceTitle "EXT 2022"]
[Source "ChessBase"]
[SourceDate "2021.10.06"]
[SourceVersion "1"]
[SourceVersionDate "2021.10.06"]
[SourceQuality "1"]

1. e4 e5 2. Nf3 Nf6 3. d4 Bb4+ 4. Bd2 Bxd2+ 5. Qxd2 Qe7 6. Bc4 Nc6 7. O-O Ng4 8. Re1 O-O 9. Kh1 Qb4 10. b3 Qxd2 11. Nbxd2 exd4 12. e5 Nxf2+ 13. Kg1 Ng4 14. Re4 Ne3 15. Bd3 d5 16. Rh4 Bf5 17. Rc1 Bxd3 18. cxd3 Nf5 19. Rf4 g6 20. g4 Ng7 21. Nxd4 Nxd4 22. Rxd4 c6 23. Rb4 Rab8 24. Nf3 Ne6 25. d4 Nf4 26. Rf1 b5 27. a4 Nd3 28. axb5 Nxb4 29. bxc6 Nxc6 30. Rb1 Rb4 31. Kf2 Nxd4 32. Nxd4 Rxd4 33. Kf3 Re8 34. Ra1 Ra8 35. Rb1 Re4 36. Rd1 Rxe5 37. h3 Rd8 38. b4 d4 39. Kf4 Rb5 40. Ke4 Rxb4 41. Rxd4 0-1

[Event "Mike Shpan mem."]
[Site "Winnipeg CAN"]
[Date "2007.11.27"]
[Round "4"]
[White "Wood, Nathaniel"]
[Black "Trueman, Francis"]
[Result "1-0"]
[WhiteElo "1603"]
[BlackElo "1452"]
[PlyCount "59"]
[GameId "2160767910574426"]
[EventDate "2007.11.06"]
[EventType "swiss"]
[EventRounds "6"]
[EventCountry "CAN"]
[SourceTitle "EXT 2022"]
[Source "ChessBase"]
[SourceDate "2021.10.06"]
[SourceVersion "1"]
[SourceVersionDate "2021.10.06"]
[SourceQuality "1"]

1. e4 d6 2. d4 Nf6 3. Nc3 g6 4. f4 Bg7 5. Nf3 O-O 6. Bc4 c6 7. Bb3 Qc7 8. e5 Ne8 9. Be3 d5 10. Qd2 e6 11. h3 Na6 12. Ne2 Bd7 13. O-O c5 14. c3 f5 15. g4 c4 16. Bc2 Rb8 17. Ng3 b5 18. a3 Bc8 19. Qg2 fxg4 20. hxg4 Bh8 21. Kf2 Rb7 22. Ke2 Ng7 23. Rh1 Ne8 24. Ng5 Rf7 25. Nxf7 Qxf7 26. f5 gxf5 27. gxf5 Qg7 28. Qf3 Qf7 29. Rag1 Ng7 30. f6 1-0

[Event "Mike Shpan mem."]
[Site "Winnipeg CAN"]
[Date "2007.12.04"]
[Round "5"]
[White "Atem, James"]
[Black "Green, Jim"]
[Result "1-0"]
[WhiteElo "1705"]
[BlackElo "1725"]
[PlyCount "59"]
[GameId "2160767910574427"]
[EventDate "2007.11.06"]
[EventType "swiss"]
[EventRounds "6"]
[EventCountry "CAN"]
[SourceTitle "EXT 2022"]
[Source "ChessBase"]
[SourceDate "2021.10.06"]
[SourceVersion "1"]
[SourceVersionDate "2021.10.06"]
[SourceQuality "1"]

1. c4 Nf6 2. Nc3 g6 3. e4 d6 4. Nf3 Bg4 5. Be2 Bg7 6. d4 O-O 7. Bg5 Nbd7 8. Qd2 c5 9. d5 a6 10. h3 Bxf3 11. Bxf3 Rb8 12. Bh6 b5 13. cxb5 axb5 14. Bxg7 Kxg7 15. g4 b4 16. Na4 Ne5 17. Bg2 c4 18. O-O Nd3 19. b3 Nc5 20. Nxc5 dxc5 21. bxc4 Kg8 22. Qe3 Ne8 23. Qxc5 b3 24. axb3 Rxb3 25. Ra7 Nd6 26. e5 Nc8 27. Ra8 Qd7 28. e6 fxe6 29. dxe6 Qd6 30. Rxc8 1-0

[Event "Mike Shpan mem."]
[Site "Winnipeg CAN"]
[Date "2007.12.04"]
[Round "5"]
[White "Campbell, Gary"]
[Black "Trueman, Francis"]
[Result "1-0"]
[WhiteElo "1665"]
[BlackElo "1452"]
[PlyCount "33"]
[GameId "2160767910574428"]
[EventDate "2007.11.06"]
[EventType "swiss"]
[EventRounds "6"]
[EventCountry "CAN"]
[SourceTitle "EXT 2022"]
[Source "ChessBase"]
[SourceDate "2021.10.06"]
[SourceVersion "1"]
[SourceVersionDate "2021.10.06"]
[SourceQuality "1"]

1. d4 Nf6 2. c4 d6 3. Nc3 Nbd7 4. Nf3 e5 5. e4 g6 6. Be2 Bg7 7. O-O O-O 8. Bg5 h6 9. Be3 c6 10. Qd2 Ng4 11. Rad1 Nxe3 12. Qxe3 f5 13. exf5 gxf5 14. dxe5 dxe5 15. g3 f4 16. Qe4 Nc5 17. Rxd8 1-0

[Event "Mike Shpan mem."]
[Site "Winnipeg CAN"]
[Date "2007.12.04"]
[Round "5"]
[White "Crawford, Gary"]
[Black "Kong, Dezheng"]
[Result "0-1"]
[WhiteElo "1285"]
[BlackElo "1900"]
[PlyCount "51"]
[GameId "2160767910574429"]
[EventDate "2007.11.06"]
[EventType "swiss"]
[EventRounds "6"]
[EventCountry "CAN"]
[SourceTitle "EXT 2022"]
[Source "ChessBase"]
[SourceDate "2021.10.06"]
[SourceVersion "1"]
[SourceVersionDate "2021.10.06"]
[SourceQuality "1"]

1. e4 c5 2. Nf3 d6 3. d4 cxd4 4. Nxd4 Nf6 5. Nc3 a6 6. Be3 e6 7. g4 Nc6 8. g5 Nd7 9. Qd2 Be7 10. Nf3 Nde5 11. Nh4 h6 12. Rg1 hxg5 13. Bxg5 Bxg5 14. Rxg5 Rxh4 15. Be2 Qf6 16. O-O-O Qf4 17. Rxg7 Qxd2+ 18. Rxd2 Ke7 19. Rg2 b5 20. f3 Bb7 21. Bd1 Rah8 22. Rdf2 Nc4 23. Re2 Nd4 24. Ref2 Ne3 25. Rg7 Rxh2 26. Kd2 0-1

[Event "Mike Shpan mem."]
[Site "Winnipeg CAN"]
[Date "2007.12.04"]
[Round "5"]
[White "Greenberg, Harley"]
[Black "Kernetsky, Myron"]
[Result "1-0"]
[WhiteElo "1800"]
[BlackElo "1926"]
[PlyCount "55"]
[GameId "2160767910574431"]
[EventDate "2007.11.06"]
[EventType "swiss"]
[EventRounds "6"]
[EventCountry "CAN"]
[SourceTitle "EXT 2022"]
[Source "ChessBase"]
[SourceDate "2021.10.06"]
[SourceVersion "1"]
[SourceVersionDate "2021.10.06"]
[SourceQuality "1"]

1. d4 Nf6 2. c4 e6 3. Nf3 b6 4. g3 Bb7 5. Bg2 Bb4+ 6. Bd2 Be7 7. Nc3 O-O 8. Qc2 d5 9. Ne5 Nc6 10. Nxc6 Bxc6 11. O-O Rc8 12. Rac1 h6 13. Bf4 Qd7 14. cxd5 Nxd5 15. Nxd5 Bxd5 16. e4 Ba8 17. Rfd1 Bd6 18. Be3 Rfd8 19. Rd3 Qe8 20. Rc3 e5 21. d5 Bb7 22. a3 a5 23. b4 axb4 24. axb4 Ra8 25. Bh3 Ra4 26. Rxc7 Bxc7 27. Qxc7 Rb8 28. Bd7 1-0

[Event "Mike Shpan mem."]
[Site "Winnipeg CAN"]
[Date "2007.12.04"]
[Round "5"]
[White "Schulz, Waldemar"]
[Black "Kaptsan, Aron"]
[Result "1-0"]
[WhiteElo "2032"]
[BlackElo "2003"]
[PlyCount "61"]
[GameId "2160767910574432"]
[EventDate "2007.11.06"]
[EventType "swiss"]
[EventRounds "6"]
[EventCountry "CAN"]
[SourceTitle "EXT 2022"]
[Source "ChessBase"]
[SourceDate "2021.10.06"]
[SourceVersion "1"]
[SourceVersionDate "2021.10.06"]
[SourceQuality "1"]

1. Nf3 Nf6 2. c4 e6 3. d4 c5 4. d5 b5 5. dxe6 fxe6 6. cxb5 d5 7. g3 Bd6 8. Bg2 Qe7 9. O-O Nbd7 10. Qc2 Bb7 11. Bg5 O-O 12. Nh4 Qf7 13. Nd2 Rac8 14. Nc4 Bb8 15. Na5 Ba8 16. a4 Ne4 17. Bxe4 dxe4 18. Nc6 Bxc6 19. bxc6 Rxc6 20. Qxe4 Rb6 21. Rab1 Be5 22. b4 cxb4 23. Rxb4 Rxb4 24. Qxb4 Rb8 25. Qe4 Rb2 26. Nf3 Bb8 27. Rb1 Rxb1+ 28. Qxb1 Qe8 29. Qb5 Qc8 30. Nd4 Nf8 31. Nc6 1-0

[Event "Mike Shpan mem."]
[Site "Winnipeg CAN"]
[Date "2007.12.04"]
[Round "5"]
[White "Wasserman, Leor"]
[Black "Wierda, John"]
[Result "0-1"]
[WhiteElo "1493"]
[BlackElo "1713"]
[PlyCount "100"]
[GameId "2160767910574433"]
[EventDate "2007.11.06"]
[EventType "swiss"]
[EventRounds "6"]
[EventCountry "CAN"]
[SourceTitle "EXT 2022"]
[Source "ChessBase"]
[SourceDate "2021.10.06"]
[SourceVersion "1"]
[SourceVersionDate "2021.10.06"]
[SourceQuality "1"]

1. e4 e6 2. d4 d5 3. exd5 Qxd5 4. Nc3 Bb4 5. Nf3 Nf6 6. Bd2 Qd8 7. Be2 c5 8. dxc5 Bxc5 9. Bf4 O-O 10. O-O a6 11. a3 b5 12. Bg5 Be7 13. Be3 Qc7 14. Qc1 Nc6 15. Nd4 Bb7 16. Rd1 Ne5 17. Bf4 Rac8 18. Qe3 Bd6 19. Kh1 Nc4 20. Bxd6 Nxe3 21. Bxc7 Nxd1 22. Rxd1 Rxc7 23. h3 Nd5 24. Ne4 Rd8 25. Nb3 Rxc2 26. Nc3 Rxb2 27. Nc5 Bc8 28. Rd3 Rc2 29. N5e4 Kf8 30. Bd1 Rc1 31. Ne2 Ra1 32. Nc5 Ke7 33. Nb3 Rxa3 34. Ned4 Rd6 35. Rd2 g6 36. Re2 Nc3 37. Rc2 Nxd1 38. Rxc8 Nxf2+ 39. Kg1 Ne4 40. Rc7+ Kf6 41. h4 e5 42. g4 exd4 43. g5+ Ke6 44. Nc1 d3 45. Nxd3 Rdxd3 46. h5 Rd2 47. Rc1 Raa2 48. h6 Rg2+ 49. Kf1 Raf2+ 50. Ke1 Rg1# 0-1

[Event "Mike Shpan mem."]
[Site "Winnipeg CAN"]
[Date "2007.12.04"]
[Round "5"]
[White "Wood, Nathaniel"]
[Black "Hanrahan, Nigel"]
[Result "0-1"]
[WhiteElo "1603"]
[BlackElo "1723"]
[PlyCount "64"]
[GameId "2160767910574434"]
[EventDate "2007.11.06"]
[EventType "swiss"]
[EventRounds "6"]
[EventCountry "CAN"]
[SourceTitle "EXT 2022"]
[Source "ChessBase"]
[SourceDate "2021.10.06"]
[SourceVersion "1"]
[SourceVersionDate "2021.10.06"]
[SourceQuality "1"]

1. e4 c6 2. d4 d5 3. Nc3 dxe4 4. Nxe4 Bf5 5. Ng3 Bg6 6. h4 h6 7. Nf3 Nd7 8. Bd3 Bxd3 9. Qxd3 Ngf6 10. Bd2 e6 11. O-O-O Bd6 12. Ne2 Qc7 13. c4 b6 14. Nc3 O-O 15. g3 Rfb8 16. Kb1 Qb7 17. Rde1 Ng4 18. Ne4 Bc7 19. Qe2 b5 20. c5 b4 21. Nfg5 Ngf6 22. Nxf6+ Nxf6 23. Nxf7 Kxf7 24. Qxe6+ Kg6 25. g4 Qc8 26. h5+ Kh7 27. Qf7 Ba5 28. Re7 Qf8 29. Qg6+ Kh8 30. Bxh6 Qxe7 31. Bxg7+ Qxg7 32. Qxg7+ Kxg7 0-1

[Event "Mike Shpan mem."]
[Site "Winnipeg CAN"]
[Date "2007.12.11"]
[Round "6"]
[White "Green, Jim"]
[Black "Wasserman, Arie"]
[Result "0-1"]
[WhiteElo "1725"]
[BlackElo "1583"]
[PlyCount "98"]
[GameId "2160767910574435"]
[EventDate "2007.11.06"]
[EventType "swiss"]
[EventRounds "6"]
[EventCountry "CAN"]
[SourceTitle "EXT 2022"]
[Source "ChessBase"]
[SourceDate "2021.10.06"]
[SourceVersion "1"]
[SourceVersionDate "2021.10.06"]
[SourceQuality "1"]

1. e4 e5 2. Nf3 Nc6 3. Bb5 Nf6 4. Nc3 Bc5 5. O-O a6 6. Bxc6 dxc6 7. d3 Bg4 8. Qe2 h6 9. Be3 Bd4 10. Nd1 Nh5 11. h3 Bxe3 12. Qxe3 Bxf3 13. Qxf3 Nf4 14. Nc3 Qh4 15. Ne2 g5 16. Nxf4 gxf4 17. Qg4 Qxg4 18. hxg4 Rg8 19. f3 O-O-O 20. Kf2 Rg5 21. Rh1 Rd6 22. Rh2 c5 23. Rah1 Rgg6 24. Rh5 Rge6 25. Rf5 Re7 26. Rhh5 c4 27. Rxe5 cxd3 28. cxd3 Rxe5 29. Rxe5 Rc6 30. Ra5 b5 31. Kg1 Kb7 32. Ra3 Rc2 33. Rb3 Kb6 34. d4 c5 35. d5 c4 36. Rc3 Rxb2 37. a3 Rb3 38. Rc1 Rxa3 39. e5 Rd3 40. g3 fxg3 41. Re1 Rxd5 42. e6 fxe6 43. Rxe6+ Ka5 44. Rxh6 c3 45. Rc6 b4 46. f4 Rd1+ 47. Kg2 Rd2+ 48. Kxg3 c2 49. f5 Rd7 0-1

[Event "Mike Shpan mem."]
[Site "Winnipeg CAN"]
[Date "2007.12.11"]
[Round "6"]
[White "Greenberg, Harley"]
[Black "Schulz, Waldemar"]
[Result "0-1"]
[WhiteElo "1800"]
[BlackElo "2032"]
[PlyCount "42"]
[GameId "2160767910574436"]
[EventDate "2007.11.06"]
[EventType "swiss"]
[EventRounds "6"]
[EventCountry "CAN"]
[SourceTitle "EXT 2022"]
[Source "ChessBase"]
[SourceDate "2021.10.06"]
[SourceVersion "1"]
[SourceVersionDate "2021.10.06"]
[SourceQuality "1"]

1. d4 Nf6 2. c4 e6 3. Nf3 d5 4. g3 c6 5. Bg2 Bb4+ 6. Bd2 Qe7 7. O-O O-O 8. a3 Bxd2 9. Nbxd2 Nbd7 10. Rc1 a5 11. c5 e5 12. e4 Nxe4 13. Nxe4 dxe4 14. Nd2 f5 15. Nc4 exd4 16. Qxd4 Nf6 17. Nb6 Ra6 18. Nxc8 Rxc8 19. Rfd1 Nd5 20. Bf1 Raa8 21. Bc4 Rd8 0-1

[Event "Mike Shpan mem."]
[Site "Winnipeg CAN"]
[Date "2007.12.11"]
[Round "6"]
[White "Hanrahan, Nigel"]
[Black "Oberton, Daniel"]
[Result "0-1"]
[WhiteElo "1723"]
[BlackElo "1978"]
[PlyCount "121"]
[GameId "2160767910574437"]
[EventDate "2007.11.06"]
[EventType "swiss"]
[EventRounds "6"]
[EventCountry "CAN"]
[SourceTitle "EXT 2022"]
[Source "ChessBase"]
[SourceDate "2021.10.06"]
[SourceVersion "1"]
[SourceVersionDate "2021.10.06"]
[SourceQuality "1"]

1. c4 c5 2. g3 g6 3. Bg2 Bg7 4. Nc3 Nc6 5. Nf3 Rb8 6. a3 a6 7. Rb1 b5 8. cxb5 axb5 9. b4 c4 10. Nd5 e6 11. Nc3 d5 12. a4 bxa4 13. Qxa4 Bd7 14. b5 Ra8 15. bxc6 Rxa4 16. cxd7+ Qxd7 17. Rb8+ Ke7 18. Nxa4 Qxa4 19. Rb7+ Kd6 20. Ng5 Nh6 21. Nxf7+ Nxf7 22. Rxf7 c3 23. O-O cxd2 24. Bxd2 Be5 25. Rc1 Rb8 26. Rfc7 Rb1 27. Rxb1 Kxc7 28. Rc1+ Kd7 29. Bh6 Qa2 30. Bf3 Bf6 31. h4 Qb2 32. Rd1 Ke7 33. Bc1 Qc3 34. Be3 d4 35. Rc1 Qa3 36. Bh6 g5 37. Rc7+ Kd8 38. Rxh7 gxh4 39. gxh4 Bxh4 40. Rh8+ Kd7 41. Rh7+ Ke8 42. Bc6+ Kd8 43. Rd7+ Kc8 44. Rh7 Qb4 45. Kg2 Qb1 46. Bb7+ Kd8 47. Rh8+ Ke7 48. Bf8+ Kf7 49. Bf3 Be7 50. Bh5+ Kf6 51. Bxe7+ Kxe7 52. Re8+ Kd7 53. Rh8 Qe4+ 54. Bf3 Qg6+ 55. Kf1 e5 56. Bh5 Qg7 57. Ra8 Qh6 58. Bf3 Qf4 59. Ra7+ Kd6 60. Ra6+ Kc5 61. Ra5+ 0-1

[Event "Mike Shpan mem."]
[Site "Winnipeg CAN"]
[Date "2007.12.11"]
[Round "6"]
[White "Kernetsky, Myron"]
[Black "Trueman, Francis"]
[Result "1-0"]
[WhiteElo "1926"]
[BlackElo "1452"]
[PlyCount "81"]
[GameId "2160767910574438"]
[EventDate "2007.11.06"]
[EventType "swiss"]
[EventRounds "6"]
[EventCountry "CAN"]
[SourceTitle "EXT 2022"]
[Source "ChessBase"]
[SourceDate "2021.10.06"]
[SourceVersion "1"]
[SourceVersionDate "2021.10.06"]
[SourceQuality "1"]

1. d4 Nf6 2. c4 d6 3. Nf3 Nbd7 4. Nc3 e5 5. e3 g6 6. Be2 Bg7 7. O-O O-O 8. Qc2 c6 9. b3 Re8 10. dxe5 dxe5 11. e4 Qc7 12. Ba3 Nf8 13. Rad1 h5 14. Bd6 Qa5 15. b4 Qa6 16. Bxe5 b6 17. Rfe1 Be6 18. Nd2 N8d7 19. Bd6 Qb7 20. c5 b5 21. h3 a5 22. a3 axb4 23. axb4 Nh7 24. Ra1 Kh8 25. f4 Rxa1 26. Rxa1 Nb8 27. Bd3 Qd7 28. Kh2 f5 29. e5 Bh6 30. Ne2 g5 31. Nd4 g4 32. g3 gxh3 33. Nxe6 Qxe6 34. Bxf5 Qf7 35. Bxh7 h4 36. Qg6 hxg3+ 37. Kxh3 Qxg6 38. Bxg6 Rg8 39. Bf7 Rg7 40. e6 g2 41. Nf3 1-0

[Event "Mike Shpan mem."]
[Site "Winnipeg CAN"]
[Date "2007.12.11"]
[Round "6"]
[White "Kong, Dezheng"]
[Black "Kaptsan, Aron"]
[Result "0-1"]
[WhiteElo "1900"]
[BlackElo "2003"]
[PlyCount "114"]
[GameId "2160767910574439"]
[EventDate "2007.11.06"]
[EventType "swiss"]
[EventRounds "6"]
[EventCountry "CAN"]
[SourceTitle "EXT 2022"]
[Source "ChessBase"]
[SourceDate "2021.10.06"]
[SourceVersion "1"]
[SourceVersionDate "2021.10.06"]
[SourceQuality "1"]

1. c4 c5 2. Nc3 b6 3. Nf3 Bb7 4. e3 Nf6 5. Be2 e6 6. O-O Be7 7. b3 O-O 8. Bb2 a6 9. d4 cxd4 10. Nxd4 d6 11. Bf3 Qc7 12. Qd3 Nbd7 13. Bxb7 Qxb7 14. Nce2 Rac8 15. Ng3 Rfd8 16. Ba3 Bf8 17. Nc2 Ne5 18. Qe2 Ng6 19. Rad1 b5 20. cxb5 axb5 21. Rd2 Qa6 22. Ra1 Rxc2 23. Rxc2 Qxa3 24. Qxb5 d5 25. Rac1 Ne8 26. h3 h6 27. Kh1 Qa8 28. Ne2 Ba3 29. Rd1 Nd6 30. Qc6 Qxc6 31. Rxc6 Ra8 32. Nd4 Ne5 33. Rc7 Ne4 34. Kg1 Bd6 35. Rc2 Ba3 36. f3 Nd6 37. Nc6 Nxc6 38. Rxc6 Kf8 39. e4 dxe4 40. Rcxd6 Bxd6 41. Rxd6 exf3 42. a4 Rb8 43. Rd3 fxg2 44. Kxg2 Ke7 45. Kf3 e5 46. Ke3 Ke6 47. h4 g5 48. hxg5 hxg5 49. Kd2 f5 50. Kc3 f4 51. b4 e4 52. Rd1 Rc8+ 53. Kb3 e3 54. b5 e2 55. Re1 f3 56. b6 Kf5 57. b7 Rb8 0-1

[Event "Mike Shpan mem."]
[Site "Winnipeg CAN"]
[Date "2007.12.11"]
[Round "6"]
[White "Mundwiler, Les"]
[Black "Atem, James"]
[Result "0-1"]
[WhiteElo "2003"]
[BlackElo "1705"]
[PlyCount "120"]
[GameId "2160767910574441"]
[EventDate "2007.11.06"]
[EventType "swiss"]
[EventRounds "6"]
[EventCountry "CAN"]
[SourceTitle "EXT 2022"]
[Source "ChessBase"]
[SourceDate "2021.10.06"]
[SourceVersion "1"]
[SourceVersionDate "2021.10.06"]
[SourceQuality "1"]

1. c4 e5 2. Nc3 Nf6 3. e4 Nc6 4. Nge2 Nb4 5. d3 Bc5 6. h3 O-O 7. Ng3 c6 8. a3 Na6 9. Be2 Nc7 10. Nf5 d5 11. g4 Bxf5 12. gxf5 d4 13. Nb1 Nfe8 14. h4 g6 15. Bh6 Ng7 16. Bxg7 Kxg7 17. b4 Be7 18. h5 Bg5 19. Nd2 b6 20. Bg4 a5 21. bxa5 Rxa5 22. Qf3 h6 23. Ra2 Ne8 24. Qh3 Bxd2+ 25. Kxd2 g5 26. Rb1 Nf6 27. Bd1 Qc7 28. a4 b5 29. cxb5 cxb5 30. Rc2 Qb6 31. Rcb2 Qc5 32. axb5 Qc3+ 33. Ke2 Nxe4 34. Qh2 Nf6 35. Rc2 Qa3 36. f3 Re8 37. Rcb2 Nd5 38. Rb3 Qc5 39. Ke1 Nf4 40. Qd2 Rea8 41. Rc1 Qd5 42. Rcb1 Ra2 43. R3b2 Rxb2 44. Rxb2 Nxh5 45. b6 Nf4 46. Be2 Ng2+ 47. Kf2 Ne3 48. Qc1 Nxf5 49. f4 Nh4 50. b7 Rb8 51. Qc7 Qg2+ 52. Ke1 Qg1+ 53. Kd2 Qe3+ 54. Kd1 Rxb7 55. Rxb7 Qxf4 56. Rb5 Ng6 57. Qc6 Qh2 58. Qe4 h5 59. Qf5 g4 60. Rb7 Qh1+ 0-1

[Event "Mike Shpan mem."]
[Site "Winnipeg CAN"]
[Date "2007.12.11"]
[Round "6"]
[White "Rutter, Blair"]
[Black "Campbell, Gary"]
[Result "1-0"]
[WhiteElo "1880"]
[BlackElo "1665"]
[PlyCount "61"]
[GameId "2160767910574442"]
[EventDate "2007.11.06"]
[EventType "swiss"]
[EventRounds "6"]
[EventCountry "CAN"]
[SourceTitle "EXT 2022"]
[Source "ChessBase"]
[SourceDate "2021.10.06"]
[SourceVersion "1"]
[SourceVersionDate "2021.10.06"]
[SourceQuality "1"]

1. c4 Nf6 2. g3 d5 3. Bg2 dxc4 4. Nc3 c6 5. Qa4 e5 6. Qxc4 Be6 7. Qa4 Qc7 8. d3 Nbd7 9. Nf3 Nc5 10. Qc2 h6 11. b4 Ncd7 12. a3 a5 13. Rb1 axb4 14. axb4 Nb6 15. O-O Nbd5 16. Nxd5 Nxd5 17. b5 Bd6 18. Bd2 cxb5 19. Qb2 O-O 20. Qxb5 b6 21. e4 Nc3 22. Bxc3 Qxc3 23. Rfc1 Qa3 24. Qxb6 Rfb8 25. Qe3 Rxb1 26. Rxb1 Rc8 27. Qd2 Rc3 28. Bf1 Bb4 29. Nxe5 Ba2 30. Ra1 Rc5 31. Qxa2 1-0